| 000 | 01282cam a22002655a 4500 | ||
|---|---|---|---|
| 001 | L146043 | ||
| 008 | 081204s2003 xxkbd f s 001 0 eng d | ||
| 020 | _a9780877667025 | ||
| 035 | _a(Sirsi) u146043 | ||
| 041 | 0 | _aeng | |
| 050 | 0 | 4 | _a306.3 $2 18 |
| 100 | 1 | _aGreen, Richard K. | |
| 245 | 0 | 2 | _aA primer on US housing markets and housing policy |
| 260 |
_aWashington DC _bThe Urban Institute Press _c2003 |
||
| 300 |
_aviii, 226p. _bill. _c23cm. |
||
| 350 | _a32.61 | ||
| 505 | 2 | _aThe market for housing services -- A brief review of housing policies and programs -- Six questions for the next decade -- Conclusions -- References -- About the authors -- About the series | |
| 520 | _aBook explores the economics of housing policy for the general reader. Also provides a review of the market for housing services in the US - including an overview of supply and demand, the measuring of prices and quantities and suggestions for sources of data on the markets. Also addresses government housing policy issues and offers useful insight into how US housing markets function. | ||
| 521 | _aAdvanced | ||
| 590 | _aKA | ||
| 651 | 4 |
_aUnited States _y1959- |
|
| 690 | _aPROPERTY-RESIDENTIAL PROPERTY-RESIDENTIAL PROPERTY MARKET | ||
| 700 | 1 | _aMalpezzi, Stephen | |
| 942 | _n0 | ||
| 999 |
_c109024 _d109024 |
||